000 00727nam a22002057a 4500
001 57781
005 20260421135915.0
008 260420s2007 nyu||||| |||| 00| 0 eng d
020 _a9780814408957
040 _aBD-DhIUB
_cBD-DhIUB
_dBD-DhIUB
082 _222
_a658.4022019
_bL9891q
100 _aLynn, Adele B.
_97159
245 _aQuick emotional intelligence activities for busy managers:
_b50 team exercises that get results in just 15 minutes /
_cAdele B. Lynn
260 _aNew York :
_bAMACOM (American Management Association),
_c2007
300 _axiv,194 p. :
_c24 cm.
526 _aLIB
_lGEN
650 0 _aEmotional intelligence-problems, exercises
_97160
650 0 _aTeams in the workplace.
_93486
942 _2ddc
_cBK
999 _c57781
_d57955